[Event "Colmenarejo Autumn op 29th"]
[Site "Colmenarejo"]
[Date "2019.09.15"]
[Round "1"]
[White "Olmedo Aznar, Eduardo"]
[Black "Reig Carriedo, Rafael"]
[Result "1-0"]
[WhiteElo "1764"]
[BlackElo "1353"]
[PlyCount "59"]
[EventDate "2019.09.15"]
[EventType "swiss"]
[EventRounds "7"]
[EventCountry "ESP"]
[SourceTitle "EXT 2021"]
[Source "ChessBase"]
[SourceDate "2020.10.23"]
[SourceVersion "1"]
[SourceVersionDate "2020.10.23"]
[SourceQuality "1"]

1. e4 c5 2. Nf3 d6 3. d4 cxd4 4. Nxd4 Nf6 5. Nc3 g6 6. Be3 Bg7 7. Qd2 Ng4 8. Bb5+ Bd7 9. Be2 Nxe3 10. Qxe3 0-0 11. 0-0-0 Nc6 12. Nb3 a5 13. Bb5 Ne5 14. Nd4 a4 15. a3 Bxb5 16. Ndxb5 Qa5 17. Qe2 Rac8 18. Rd4 Nc6 19. Rxa4 Qb6 20. Nd5 Qd8 21. Qe3 Ne5 22. Qb6 Nd3+ 23. Kb1 Nxb2 24. Qxd8 Rcxd8 25. Nxe7+ Kh8 26. Rb4 Rfe8 27. Nd5 f5 28. Nbc3 Bxc3 29. Nxc3 Rc8 30. Kxb2 1-0

[Event "Collado Villalba op-B 36th"]
[Site "Collado Villalba"]
[Date "2019.08.29"]
[Round "7"]
[White "Orantos Alonso, Francisco D"]
[Black "Olmedo Aznar, Eduardo"]
[Result "0-1"]
[WhiteElo "1647"]
[BlackElo "1786"]
[PlyCount "78"]
[EventDate "2019.08.23"]
[EventType "swiss"]
[EventRounds "9"]
[EventCountry "ESP"]
[SourceTitle "CBM 192 Extra"]
[Source "Chessbase"]
[SourceDate "2019.11.06"]
[SourceVersion "1"]
[SourceVersionDate "2019.11.06"]
[SourceQuality "1"]

1. Nf3 d5 2. b3 e6 3. Bb2 Nd7 4. d3 Ngf6 5. Nbd2 Be7 6. g3 b6 7. Bg2 Bb7 8. 0-0 0-0 9. Re1 c5 10. e3 Re8 11. c4 Rc8 12. Rc1 Nb8 13. h4 Nc6 14. a3 a6 15. Ng5 Rb8 16. e4 dxe4 17. dxe4 e5 18. Nb1 Qxd1 19. Rcxd1 Nd4 20. Nd2 Nd7 21. Ngf3 Rbd8 22. b4 Nc2 23. Rf1 cxb4 24. axb4 Bxb4 25. Rc1 Bxd2 26. Nxd2 Nb4 27. Rb1 a5 28. Rfd1 Bc6 29. Nf1 f6 30. Ne3 Nc5 31. Nd5 Bxd5 32. cxd5 Na4 33. Bf1 Nxb2 34. Rxb2 Rc8 35. Bb5 Red8 36. Rbd2 Nc2 37. Ba6 Ra8 38. Rc1 Nd4 39. Bb7 Nf3+ 0-1

[Event "Collado Villalba op-B 36th"]
[Site "Collado Villalba"]
[Date "2019.08.27"]
[Round "5"]
[White "Rodriguez Sanchez, Juan Carlos"]
[Black "Olmedo Aznar, Eduardo"]
[Result "1/2-1/2"]
[WhiteElo "1616"]
[BlackElo "1786"]
[PlyCount "71"]
[EventDate "2019.08.23"]
[EventType "swiss"]
[EventRounds "9"]
[EventCountry "ESP"]
[SourceTitle "CBM 192 Extra"]
[Source "Chessbase"]
[SourceDate "2019.11.06"]
[SourceVersion "1"]
[SourceVersionDate "2019.11.06"]
[SourceQuality "1"]

1. Nf3 f5 2. c4 Nf6 3. Nc3 g6 4. d4 Bg7 5. e3 d6 6. Be2 0-0 7. 0-0 Qe8 8. Nd5 Nxd5 9. cxd5 c6 10. Qb3 Kh8 11. Bd2 Qf7 12. Bc4 b5 13. Be2 a6 14. dxc6 Nxc6 15. d5 Ne5 16. Bc3 h6 17. a4 Bd7 18. Nxe5 dxe5 19. axb5 Rfb8 20. b6 Qf6 21. Ba5 e4 22. Rac1 Qxb2 23. Qxb2 Bxb2 24. Rc7 Bb5 25. Bxb5 axb5 26. b7 Rxb7 27. Rxb7 Rxa5 28. Rb1 Bf6 29. R7xb5 Ra6 30. g3 Kg7 31. Rb6 Ra5 32. R1b5 Ra1+ 33. Kg2 Rd1 34. h4 Kf7 35. Rb1 Rxd5 36. R6b5 1/2-1/2

[Event "Collado Villalba 64 op 7th"]
[Site "Collado Villalba"]
[Date "2019.08.02"]
[Round "6"]
[White "Olmedo Aznar, Eduardo"]
[Black "Palomino Menendez, Salvador"]
[Result "1-0"]
[WhiteElo "1786"]
[BlackElo "1882"]
[PlyCount "116"]
[EventDate "2019.07.29"]
[EventType "swiss"]
[EventRounds "9"]
[EventCountry "ESP"]
[SourceTitle "CBM 195 Extra"]
[Source "ChessBase"]
[SourceDate "2020.05.31"]
[SourceVersion "1"]
[SourceVersionDate "2020.05.31"]
[SourceQuality "1"]

1. e4 c5 2. Nf3 a6 3. d3 Nf6 4. g3 g6 5. Bg2 Bg7 6. 0-0 d6 7. c3 Nc6 8. Re1 Bd7 9. Nbd2 Qc8 10. e5 dxe5 11. Nxe5 Nxe5 12. Rxe5 e6 13. Nc4 0-0 14. Be3 Nd5 15. Rxd5 exd5 16. Nb6 Qc6 17. Bxc5 Rfe8 18. d4 Bf8 19. Bxd5 Qb5 20. Nxa8 Rxa8 21. Qb3 Qxb3 22. axb3 Bxc5 23. dxc5 Rb8 24. Re1 Kf8 25. Re4 Rc8 26. b4 Rc7 27. Rd4 h5 28. f4 Bf5 29. Be4 Bd7 30. Kf2 Ke7 31. Rd6 a5 32. Rb6 axb4 33. cxb4 Bc8 34. c6 bxc6 35. Rxc6 Rxc6 36. Bxc6 f6 37. Ke3 g5 38. fxg5 fxg5 39. Kd4 Kd6 40. b5 Be6 41. Ba8 h4 42. b6 Bh3 43. Be4 Bf1 44. b7 Kc7 45. Ke5 hxg3 46. hxg3 Be2 47. Kf5 g4 48. Kg5 Bf3 49. Kf4 Bd1 50. Bf5 Kxb7 51. Bxg4 Bb3 52. Ke5 Kc7 53. Be6 Bd1 54. g4 Kc6 55. g5 Bh5 56. Kf6 Kc5 57. Bf7 Bf3 58. g6 Be4 1-0

[Event "Mostoles op 9th"]
[Site "Mostoles"]
[Date "2018.07.22"]
[Round "6"]
[White "Murillo Paz, Pedro"]
[Black "Olmedo Aznar, Eduardo"]
[Result "0-1"]
[WhiteElo "1414"]
[BlackElo "1586"]
[PlyCount "34"]
[EventDate "2018.07.17"]
[EventType "swiss"]
[EventRounds "9"]
[EventCountry "ESP"]
[SourceTitle "CBM 186 Extra"]
[Source "ChessBase"]
[SourceDate "2018.08.24"]
[SourceVersion "1"]
[SourceVersionDate "2018.08.24"]
[SourceQuality "1"]

1. e4 Nf6 2. Nc3 e5 3. Nf3 Nc6 4. Bc4 Nxe4 5. Bxf7+ Kxf7 6. Nxe4 d5 7. Nfg5+ Kg8 8. Qf3 Qe7 9. Nf6+ gxf6 10. Qxd5+ Kg7 11. Ne4 Nd4 12. 0-0 c6 13. Qc4 Qe6 14. Qd3 Rg8 15. f4 Qg4 16. fxe5 Kh8 17. Nxf6 Qxg2# 0-1

[Event "Mostoles op 9th"]
[Site "Mostoles"]
[Date "2018.07.19"]
[Round "3"]
[White "Olmedo Aznar, Eduardo"]
[Black "Enriquez Pastor, Jorge"]
[Result "1-0"]
[WhiteElo "1586"]
[BlackElo "1442"]
[PlyCount "133"]
[EventDate "2018.07.17"]
[EventType "swiss"]
[EventRounds "9"]
[EventCountry "ESP"]
[SourceTitle "CBM 186 Extra"]
[Source "ChessBase"]
[SourceDate "2018.08.24"]
[SourceVersion "1"]
[SourceVersionDate "2018.08.24"]
[SourceQuality "1"]

1. e4 e6 2. d3 d5 3. Nd2 Nf6 4. Ngf3 c5 5. g3 Nc6 6. Bg2 Be7 7. 0-0 0-0 8. e5 Nd7 9. Re1 Qb6 10. Nf1 a5 11. h4 Qc7 12. Bf4 b5 13. N1h2 Bb7 14. h5 h6 15. Ng4 Qd8 16. Qc1 Nd4 17. Nxd4 cxd4 18. Bf3 Bg5 19. Kg2 Bxf4 20. Qxf4 Qg5 21. Qxd4 Kh8 22. Qf4 Qxf4 23. gxf4 Rac8 24. c3 Ba6 25. d4 Nb6 26. Ne3 Na4 27. Rab1 b4 28. Bd1 Nb6 29. cxb4 axb4 30. Bb3 Rc6 31. Rbc1 Rfc8 32. Rxc6 Rxc6 33. Nc2 Rc8 34. Nxb4 Bc4 35. Re3 Bxb3 36. Rxb3 Nc4 37. Rc3 Rb8 38. Rb3 Na5 39. Na6 Rxb3 40. axb3 Nxb3 41. Nc5 Nxd4 42. b4 Nb5 43. Kf3 Kg8 44. Kg4 Kf8 45. f5 Ke7 46. f4 Nd4 47. fxe6 fxe6 48. Nb7 Nb5 49. Na5 Nd4 50. Nb7 Kd7 51. Nd6 Nc6 52. b5 Ne7 53. b6 Nc6 54. b7 Nb8 55. f5 exf5+ 56. Nxf5 Nc6 57. Kf4 Kc7 58. e6 Kd8 59. Nd4 Nb8 60. Ke5 Ke7 61. Kxd5 Na6 62. Nc6+ Ke8 63. b8Q+ Nxb8 64. Nxb8 Ke7 65. Nc6+ Ke8 66. Kd6 g5 67. hxg6 1-0